Statistics for 7 wonders of the world

Click here to take the quiz!

General Stats

  • This quiz has been taken 29 times
  • The average score is 5 of 21

Answer Stats

Wonders of the world% Correct
Great Wall of China
76%
Machu Picchu
52%
Colosseum
44%
Petra
44%
Chichén Itzá
40%
Christ the Redeemer
40%
Taj Mahal
40%
Hanging Gardens of Babylon
36%
Colossus of Rhodes
32%
Lighthouse of Alexandria
28%
Great Pyramids of Giza
20%
Mausoleum
20%
Temple of Artemis
20%
Iguazu Falls
12%
Statue of Zeus
12%
Amazon Rainforest
8%
Ha Long Bay
0%
Jeju Island
0%
Komodo Island
0%
Puerto Princesa Subterranean River
0%
Table Mountain
0%

Score Distribution

Percentile by Number Answered

Percent of People with Each Score

Your Score History

You have not taken this quiz